1184 1490 1993 1303 1978 1814 1609 1576 1867 1614 1601 1627 1609 1316 1356 1196 1667 1321 1386 1019 1415 1815 1555 1773 1850 1715 1141 1559 1344 1770 1317 1240 1653 1643 1186 1404 1496 1625 1609 1473 1785 1909 1529 1677 1341 1574 1413 1643 1376 1106 1949 1163 1729 1496 1185 1796 1157 1897 1171 1560 1019 1172 1949 1499 1101 1888 1116 1495 1839 1182 1961 1995 1683 1805 1464 1367 1499 1916 1355 1773 1020 1506 1710 1982 1993 1573 1142 1071 1458 1679 1240 1405 1586 1187 1735 1398 1620 1893 1906 BCNSPRNW ULIB Ver.6.0+V

เปลี่ยนเป็นภาษาไทย

Change to English
 แสดงรายละเอียดบรรณานุกรม
  กลับหน้าหลัก

Brief Record : Get Marc (ISO 2709) : E-mail record : QR code < ปิดหน้าต่าง
LEADER : 00000nam 2200000uu 4500
001    13399124851
003     ULIB
008    160408s2557||||th 000 0 tha d
020    ^a9786162794834
060    ^aWY163^bก492
100 0  ^aรัชนี เบญจธนัง,^eบรรณาธิการ
245 10 ^aการพยาบาลผู้ป่วยใช้เครื่องช่วยหายใจ /^cบรรณาธิการ, รัชนี เบญจธนัง และพิมพ์จิตร์ กาญจนสินธุ์
250    ^aพิมพ์ครั้งที่ 1
260    ^aกรุงเทพฯ :^bพี.เอ.ลีฟวิ่ง,^c2557
300    ^a158 หน้า :^bภาพประกอบ ;^c23 ซม.
650  4 ^aเครื่องช่วยหายใจ
650  4 ^aทางเดินอากาศหายใจ, โรค - การพยาบาล
650  4 ^aออกซิเจน
700 0  ^aพิมพ์จิตร์ กาญจนสินธุ์,^eบรรณาธิการ
945    ^p160^l0^i23366
945    ^p160^l0^i23367
945    ^p160^l0^i23368
945    ^p160^l0^i23369
945    ^p160^l0^i23370
999    ^aทศพร เกษรทอง
รายการนี้ยังไม่มีแท็ก
คุณยังไม่ได้ล็อกอิน คุณสามารถมีกิจกรรมร่วมกับเว็บไซต์ได้ แต่ต้องล็อกอินก่อน ::
  ล็อกอิน

รายการสื่อสารสนเทศ

ลำดับที่ ประเภท เลขเรียก/บาร์โค้ด สถานที่ สถานะ
1. Book การพยาบาล
Book การพยาบาล
สถานะ=หนังสือเก่า
WY163 ก492 ฉ.1 
  Barcode: 23366
ห้องสมุดวิทยาเขตนครสวรรค์
►ส่วนจัดเก็บหนังสือเก่า นว.
บนชั้น
  ขอยืม
2. Book การพยาบาล
Book การพยาบาล
สถานะ=หนังสือเก่า
WY163 ก492 ฉ.2 
  Barcode: 23367
ห้องสมุดวิทยาเขตนครสวรรค์
►ส่วนจัดเก็บหนังสือเก่า นว.
บนชั้น
  ขอยืม
3. Book การพยาบาล
Book การพยาบาล
สถานะ=หนังสือเก่า
WY163 ก492 ฉ.3 
  Barcode: 23368
ห้องสมุดวิทยาเขตนครสวรรค์
►ส่วนจัดเก็บหนังสือเก่า นว.
บนชั้น
  ขอยืม
4. Book การพยาบาล
Book การพยาบาล
สถานะ=หนังสือเก่า
WY163 ก492 ฉ.4 
  Barcode: 23369
ห้องสมุดวิทยาเขตนครสวรรค์
►ส่วนจัดเก็บหนังสือเก่า นว.
บนชั้น
  ขอยืม
5. Book การพยาบาล
Book การพยาบาล
สถานะ=หนังสือเก่า
WY163 ก492 ฉ.5 
  Barcode: 23370
ห้องสมุดวิทยาเขตนครสวรรค์
►ส่วนจัดเก็บหนังสือเก่า นว.
บนชั้น
  ขอยืม

รายการใกล้เคียง
    ผู้แต่ง [รัชนี เบญจธนัง, บรรณาธิการ]

    หัวเรื่อง [เครื่องช่วยหายใจ]
    หัวเรื่อง [ทางเดินอากาศหายใจ, โรค - การพยาบาล]
    หัวเรื่อง [ออกซิเจน]

BibComment


ยังไม่เคยถูกคอมเมนท์

คอมเมนท์ทรัพยากรรายการนี้
  คอมเมนท์: การพยาบาลผู้ป่วย..


 Copyright 2026. Bcnsprnw @Library